[Event "DEM U12 2021"]
[Site "Willingen GER"]
[Date "2021.08.23"]
[Round "1"]
[White "Aniol, Nico"]
[Black "Wieser, Rouven"]
[Result "1-0"]
[Termination "normal"]
[Board "22"]
[WhiteElo "1448"]
[BlackElo "1295"]
[WhiteClock "01:04:01"]
[BlackClock "00:33:05"]
[PlyCount "109"]
[WhiteFideId "16287096"]
[BlackFideId "34608761"]
[EventCountry "GER"]
[EventRounds "9"]
[EventType "swiss"]
[EventDate "2021.08.22"]

1. e4 {[%clk 01:30:00]} {[%emt 00:00:59]} c6 {[%clk 01:30:25]} {[%emt
00:00:36]} 2. c4 {[%clk 01:29:40]} {[%emt 00:00:51]} d5 {[%clk 01:29:39]}
{[%emt 00:01:15]} 3. exd5 {[%clk 01:29:12]} {[%emt 00:00:58]} cxd5 {[%clk
01:29:22]} {[%emt 00:00:47]} 4. cxd5 {[%clk 01:28:06]} {[%emt 00:01:36]} Nf6
{[%clk 01:27:42]} {[%emt 00:02:09]} 5. Nc3 {[%clk 01:26:54]} {[%emt 00:01:43]}
b6 {[%clk 01:25:30]} {[%emt 00:02:42]} 6. Bb5+ {[%clk 01:25:04]} {[%emt
00:02:20]} Nbd7 {[%clk 01:24:58]} {[%emt 00:01:01]} 7. Bc6 {[%clk 01:24:15]}
{[%emt 00:01:20]} Rb8 {[%clk 01:24:09]} {[%emt 00:01:19]} 8. d4 {[%clk
01:23:44]} {[%emt 00:01:01]} e6 {[%clk 01:21:52]} {[%emt 00:02:46]} 9. Bf4
{[%clk 01:23:49]} {[%emt 00:00:26]} Rb7 {[%clk 01:21:06]} {[%emt 00:01:16]} 10.
Nb5 {[%clk 01:22:33]} {[%emt 00:01:46]} Nxd5 {[%clk 01:19:58]} {[%emt
00:01:38]} 11. Bd6 {[%clk 01:20:06]} {[%emt 00:02:57]} a6 {[%clk 01:18:02]}
{[%emt 00:02:26]} 12. Bxf8 {[%clk 01:19:32]} {[%emt 00:01:04]} axb5 {[%clk
01:16:32]} {[%emt 00:02:00]} 13. Bxb7 {[%clk 01:18:07]} {[%emt 00:01:55]} Bxb7
{[%clk 01:13:58]} {[%emt 00:03:04]} 14. Bd6 {[%clk 01:16:49]} {[%emt 00:01:48]}
N7f6 {[%clk 01:11:38]} {[%emt 00:02:50]} 15. Be5 {[%clk 01:15:59]} {[%emt
00:01:20]} Nd7 {[%clk 01:05:51]} {[%emt 00:06:17]} 16. Nf3 {[%clk 01:12:41]}
{[%emt 00:03:48]} Nxe5 {[%clk 01:03:49]} {[%emt 00:02:31]} 17. dxe5 {[%clk
01:11:56]} {[%emt 00:01:16]} O-O {[%clk 01:01:47]} {[%emt 00:02:31]} 18. O-O
{[%clk 01:12:15]} {[%emt 00:00:12]} f6 {[%clk 01:00:30]} {[%emt 00:01:47]} 19.
Nd4 {[%clk 01:09:59]} {[%emt 00:02:46]} Nf4 {[%clk 00:58:57]} {[%emt 00:02:03]}
20. f3 {[%clk 01:07:38]} {[%emt 00:02:50]} fxe5 {[%clk 00:57:14]} {[%emt
00:02:13]} 21. Nc2 {[%clk 01:06:27]} {[%emt 00:01:42]} Qg5 {[%clk 00:54:03]}
{[%emt 00:03:40]} 22. Ne1 {[%clk 01:06:50]} {[%emt 00:00:08]} e4 {[%clk
00:53:27]} {[%emt 00:01:06]} 23. Kh1 {[%clk 01:03:41]} {[%emt 00:03:39]} Rd8
{[%clk 00:49:30]} {[%emt 00:04:27]} 24. Qc2 {[%clk 01:01:56]} {[%emt 00:02:14]}
e3 {[%clk 00:46:53]} {[%emt 00:03:08]} 25. g3 {[%clk 01:00:15]} {[%emt
00:02:12]} Rd2 {[%clk 00:45:17]} {[%emt 00:02:05]} 26. gxf4 {[%clk 00:59:59]}
{[%emt 00:00:47]} Qxf4 {[%clk 00:41:23]} {[%emt 00:04:23]} 27. Ng2 {[%clk
00:57:51]} {[%emt 00:02:38]} Bxf3 {[%clk 00:39:37]} {[%emt 00:02:16]} 28. Qc8+
{[%clk 00:57:56]} {[%emt 00:00:25]} Kf7 {[%clk 00:37:57]} {[%emt 00:02:09]} 29.
Qb7+ {[%clk 00:58:19]} {[%emt 00:00:07]} Bxb7 {[%clk 00:38:16]} {[%emt
00:00:10]} 30. Rxf4+ {[%clk 00:58:48]} {[%emt 00:00:03]} Ke7 {[%clk 00:38:27]}
{[%emt 00:00:18]} 31. Rg4 {[%clk 00:57:29]} {[%emt 00:01:49]} g6 {[%clk
00:37:55]} {[%emt 00:01:03]} 32. Kg1 {[%clk 00:57:23]} {[%emt 00:00:36]} e2
{[%clk 00:36:22]} {[%emt 00:02:03]} 33. Re1 {[%clk 00:57:45]} {[%emt 00:00:08]}
Bf3 {[%clk 00:34:00]} {[%emt 00:02:52]} 34. Rg3 {[%clk 00:58:00]} {[%emt
00:00:14]} Bh5 {[%clk 00:33:31]} {[%emt 00:00:59]} 35. Nf4 {[%clk 00:58:14]}
{[%emt 00:00:16]} Rxb2 {[%clk 00:32:10]} {[%emt 00:01:51]} 36. Nxh5 {[%clk
00:58:35]} {[%emt 00:00:09]} gxh5 {[%clk 00:32:31]} {[%emt 00:00:10]} 37. a3
{[%clk 00:59:01]} {[%emt 00:00:05]} Kf6 {[%clk 00:32:31]} {[%emt 00:00:28]} 38.
Kf2 {[%clk 00:59:24]} {[%emt 00:00:08]} h4 {[%clk 00:32:27]} {[%emt 00:00:34]}
39. Rf3+ {[%clk 00:59:46]} {[%emt 00:00:09]} Ke5 {[%clk 00:32:33]} {[%emt
00:00:23]} 40. Rxe2+ {[%clk 01:00:10]} {[%emt 00:00:06]} Rxe2+ {[%clk
00:32:48]} {[%emt 00:00:15]} 41. Kxe2 {[%clk 01:00:39]} {[%emt 00:00:01]} Kd4
{[%clk 00:32:55]} {[%emt 00:00:22]} 42. Kd2 {[%clk 01:00:49]} {[%emt 00:00:21]}
e5 {[%clk 00:33:02]} {[%emt 00:00:23]} 43. Rh3 {[%clk 01:01:09]} {[%emt
00:00:10]} Kc4 {[%clk 00:32:50]} {[%emt 00:00:42]} 44. Kc2 {[%clk 01:01:20]}
{[%emt 00:00:19]} e4 {[%clk 00:32:51]} {[%emt 00:00:29]} 45. Rxh4 {[%clk
01:01:44]} {[%emt 00:00:06]} Kd4 {[%clk 00:33:11]} {[%emt 00:00:10]} 46. Kd2
{[%clk 01:02:02]} {[%emt 00:00:12]} Kd5 {[%clk 00:33:21]} {[%emt 00:00:21]} 47.
Ke3 {[%clk 01:02:03]} {[%emt 00:00:28]} Kc4 {[%clk 00:33:17]} {[%emt 00:00:34]}
48. Kxe4 {[%clk 01:02:18]} {[%emt 00:00:15]} Kb3 {[%clk 00:33:33]} {[%emt
00:00:15]} 49. Rh3+ {[%clk 01:02:43]} {[%emt 00:00:04]} Ka4 {[%clk 00:33:50]}
{[%emt 00:00:13]} 50. Kd5 {[%clk 01:02:50]} {[%emt 00:00:23]} b4 {[%clk
00:33:38]} {[%emt 00:00:42]} 51. axb4 {[%clk 01:03:10]} {[%emt 00:00:09]} Kxb4
{[%emt 00:00:10]} 52. Rxh7 {[%emt 00:00:03]} b5 {[%clk 00:33:23]} {[%emt
00:00:30]} 53. Rc7 {[%clk 01:03:36]} {[%emt 00:00:07]} Ka3 {[%clk 00:33:18]}
{[%emt 00:00:35]} 54. h4 {[%clk 01:04:01]} {[%emt 00:00:04]} b4 {[%clk
00:33:05]} {[%emt 00:00:43]} 55. Rb7 {[%emt 00:00:29]} 1-0

[Event "DEM U12 2021"]
[Site "Willingen GER"]
[Date "2021.08.23"]
[Round "1"]
[White "Lumma, Justus"]
[Black "Burkart, Lloyd Shang"]
[Result "0-1"]
[Termination "normal"]
[Board "23"]
[WhiteElo "1081"]
[BlackElo "1569"]
[WhiteClock "01:00:06"]
[BlackClock "00:38:16"]
[PlyCount "42"]
[WhiteFideId "16287193"]
[BlackFideId "16239059"]
[EventCountry "GER"]
[EventRounds "9"]
[EventType "swiss"]
[EventDate "2021.08.22"]

1. e4 {[%clk 01:30:49]} c5 {[%clk 01:30:53]} {[%emt 00:00:17]} 2. d4 {[%clk
01:31:02]} {[%emt 00:00:17]} cxd4 {[%clk 01:31:02]} {[%emt 00:00:22]} 3. c3
{[%clk 01:31:04]} {[%emt 00:00:27]} dxc3 {[%clk 01:31:06]} {[%emt 00:00:26]} 4.
Nxc3 {[%clk 01:31:21]} {[%emt 00:00:13]} e6 {[%clk 01:30:15]} {[%emt 00:01:21]}
5. Nf3 {[%clk 01:30:08]} {[%emt 00:01:43]} a6 {[%clk 01:26:31]} {[%emt
00:04:14]} 6. Bc4 {[%clk 01:27:34]} {[%emt 00:03:04]} Ne7 {[%clk 01:23:59]}
{[%emt 00:03:03]} 7. Bg5 {[%clk 01:25:24]} {[%emt 00:02:39]} Nbc6 {[%clk
01:19:09]} {[%emt 00:05:19]} 8. O-O {[%clk 01:25:18]} {[%emt 00:00:31]} h6
{[%clk 01:10:26]} {[%emt 00:09:18]} 9. Bh4 {[%clk 01:21:49]} {[%emt 00:03:58]}
g5 {[%clk 01:01:28]} {[%emt 00:09:30]} 10. Bg3 {[%clk 01:17:22]} {[%emt
00:04:57]} Bg7 {[%clk 01:00:52]} {[%emt 00:01:06]} 11. Bd6 {[%clk 01:15:17]}
{[%emt 00:02:35]} b5 {[%clk 00:59:14]} {[%emt 00:02:08]} 12. Bb3 {[%clk
01:12:44]} {[%emt 00:03:02]} Bb7 {[%clk 00:55:18]} {[%emt 00:04:26]} 13. Rc1
{[%clk 01:07:26]} {[%emt 00:05:49]} Nc8 {[%clk 00:45:38]} {[%emt 00:10:09]} 14.
e5 {[%clk 01:06:39]} {[%emt 00:01:17]} g4 {[%emt 00:00:48]} 15. Nd4 {[%clk
01:05:51]} {[%emt 00:01:16]} Nxe5 {[%clk 00:41:51]} {[%emt 00:04:01]} 16. Bxe5
{[%clk 01:06:05]} {[%emt 00:00:16]} Bxe5 {[%clk 00:42:16]} {[%emt 00:00:05]}
17. Qxg4 {[%clk 01:06:10]} {[%emt 00:00:25]} h5 {[%clk 00:41:07]} {[%emt
00:01:39]} 18. Qd1 {[%clk 01:02:13]} {[%emt 00:01:42]} Qh4 {[%clk 00:40:58]}
{[%emt 00:03:24]} 19. f4 {[%clk 01:00:37]} {[%emt 00:02:06]} Bxf4 {[%clk
00:38:06]} {[%emt 00:03:22]} 20. g3 {[%clk 00:59:57]} {[%emt 00:01:10]} Be3+
{[%clk 00:38:16]} {[%emt 00:00:19]} 21. Rf2 {[%clk 01:00:06]} {[%emt 00:00:21]}
Qxd4 {[%emt 00:01:04]} 0-1

[Event "DEM U12 2021"]
[Site "Willingen GER"]
[Date "2021.08.23"]
[Round "1"]
[White "Dorendorf, Mika"]
[Black "Wellßow, Lio Keanu"]
[Result "1-0"]
[Termination "normal"]
[Board "24"]
[WhiteElo "1492"]
[BlackElo "1203"]
[WhiteClock "00:13:01"]
[BlackClock "00:57:49"]
[PlyCount "109"]
[WhiteFideId "16283066"]
[BlackFideId "16252837"]
[EventCountry "GER"]
[EventRounds "9"]
[EventType "swiss"]
[EventDate "2021.08.22"]

1. d4 {[%clk 01:30:54]} {[%emt 00:00:05]} g6 {[%clk 01:30:33]} {[%emt
00:00:18]} 2. c4 {[%clk 01:30:20]} {[%emt 00:01:15]} Bg7 {[%clk 01:30:52]}
{[%emt 00:00:10]} 3. Nc3 {[%clk 01:29:56]} {[%emt 00:00:54]} d6 {[%clk
01:30:56]} {[%emt 00:00:25]} 4. e4 {[%clk 01:28:57]} {[%emt 00:01:31]} Nd7
{[%clk 01:31:01]} {[%emt 00:00:24]} 5. Be2 {[%clk 01:28:23]} {[%emt 00:01:04]}
e5 {[%clk 01:30:10]} {[%emt 00:01:22]} 6. d5 {[%clk 01:27:55]} {[%emt
00:00:59]} Ngf6 {[%clk 01:29:09]} {[%emt 00:01:29]} 7. Be3 {[%clk 01:26:56]}
{[%emt 00:01:29]} O-O {[%clk 01:27:59]} {[%emt 00:01:40]} 8. g4 {[%clk
01:25:43]} {[%emt 00:01:44]} Nc5 {[%clk 01:27:26]} {[%emt 00:01:03]} 9. Bxc5
{[%clk 01:21:25]} {[%emt 00:04:48]} dxc5 {[%clk 01:27:35]} {[%emt 00:00:19]}
10. g5 {[%clk 01:20:25]} {[%emt 00:01:31]} Nd7 {[%clk 01:27:01]} {[%emt
00:01:03]} 11. h4 {[%clk 01:18:32]} {[%emt 00:02:24]} f6 {[%clk 01:25:41]}
{[%emt 00:01:50]} 12. gxf6 {[%emt 00:02:09]} Qxf6 {[%clk 01:25:51]} {[%emt
00:00:11]} 13. f3 {[%clk 01:16:08]} {[%emt 00:01:25]} Bh6 {[%clk 01:22:04]}
{[%emt 00:04:16]} 14. Nb5 {[%clk 01:13:21]} {[%emt 00:03:17]} Nb6 {[%clk
01:19:53]} {[%emt 00:02:40]} 15. Nxc7 {[%clk 01:09:44]} {[%emt 00:04:09]} Rb8
{[%clk 01:19:31]} {[%emt 00:00:51]} 16. a4 {[%clk 01:08:53]} {[%emt 00:01:22]}
Bd7 {[%clk 01:15:05]} {[%emt 00:04:56]} 17. a5 {[%clk 01:06:27]} {[%emt
00:02:56]} Nc8 {[%clk 01:10:32]} {[%emt 00:05:02]} 18. a6 {[%clk 00:57:27]}
{[%emt 00:09:30]} b6 {[%clk 01:09:10]} {[%emt 00:01:52]} 19. Qd3 {[%clk
00:53:33]} {[%emt 00:04:24]} Nd6 {[%clk 01:07:44]} {[%emt 00:01:57]} 20. Nb5
{[%clk 00:53:00]} {[%emt 00:01:03]} Nxb5 {[%clk 01:07:23]} {[%emt 00:00:49]}
21. cxb5 {[%clk 00:53:25]} {[%emt 00:00:06]} Rbd8 {[%clk 01:06:04]} {[%emt
00:01:49]} 22. Bf1 {[%clk 00:44:35]} {[%emt 00:09:21]} Bg4 {[%clk 01:04:27]}
{[%emt 00:02:06]} 23. Bg2 {[%clk 00:40:36]} {[%emt 00:04:28]} Qf4 {[%clk
01:03:27]} {[%emt 00:01:31]} 24. Ne2 {[%clk 00:38:44]} {[%emt 00:02:22]} c4
{[%clk 01:02:09]} {[%emt 00:01:48]} 25. Qc3 {[%clk 00:35:04]} {[%emt 00:04:10]}
Qf6 {[%clk 00:59:59]} {[%emt 00:02:39]} 26. Ng3 {[%clk 00:30:04]} {[%emt
00:05:29]} Bxf3 {[%clk 00:59:33]} {[%emt 00:00:55]} 27. Rf1 {[%clk 00:29:55]}
{[%emt 00:00:41]} Qf4 {[%clk 00:58:11]} {[%emt 00:01:53]} 28. Rxf3 {[%clk
00:29:50]} {[%emt 00:00:34]} Qxh4 {[%clk 00:57:30]} {[%emt 00:01:12]} 29. Bf1
{[%clk 00:17:40]} {[%emt 00:12:40]} Qh2 {[%clk 00:54:33]} {[%emt 00:03:26]} 30.
Bxc4 {[%emt 00:08:53]} Rc8 31. d6+ {[%clk 00:08:38]} {[%emt 00:01:55]} Rxc4
{[%clk 00:54:10]} {[%emt 00:00:37]} 32. Qxc4+ {[%clk 00:09:04]} {[%emt
00:00:05]} Kg7 {[%clk 00:54:24]} {[%emt 00:06:53]} 33. Qc7+ {[%clk 00:11:07]}
{[%emt 00:00:55]} Kg8 {[%clk 00:54:47]} {[%emt 00:00:07]} 34. Rxf8+ {[%clk
00:11:23]} {[%emt 00:00:16]} Kxf8 {[%clk 00:55:07]} {[%emt 00:00:09]} 35. Qe7+
{[%clk 00:11:29]} {[%emt 00:00:25]} Kg8 {[%clk 00:55:24]} {[%emt 00:00:12]} 36.
Qe8+ {[%clk 00:11:29]} {[%emt 00:00:29]} Kg7 {[%clk 00:55:47]} {[%emt
00:00:08]} 37. Qxe5+ {[%clk 00:11:46]} {[%emt 00:00:14]} Kf8 {[%clk 00:56:02]}
{[%emt 00:00:14]} 38. Qf6+ {[%clk 00:10:57]} {[%emt 00:01:19]} Kg8 {[%clk
00:56:21]} {[%emt 00:00:10]} 39. Qf2 {[%clk 00:11:02]} {[%emt 00:00:25]} Qh4
{[%clk 00:55:49]} {[%emt 00:01:02]} 40. d7 {[%clk 00:10:53]} {[%emt 00:00:40]}
Kg7 {[%clk 00:55:14]} {[%emt 00:01:05]} 41. Qd4+ {[%clk 00:11:10]} {[%emt
00:00:13]} Kf7 {[%clk 00:55:28]} {[%emt 00:00:16]} 42. Qd5+ {[%clk 00:11:16]}
{[%emt 00:00:24]} Kg7 {[%clk 00:55:44]} {[%emt 00:00:13]} 43. Qe5+ {[%clk
00:11:33]} {[%emt 00:00:13]} Kf7 {[%clk 00:56:06]} {[%emt 00:00:09]} 44. Qc7
{[%clk 00:09:47]} {[%emt 00:02:17]} Bd2+ {[%clk 00:55:41]} {[%emt 00:00:54]}
45. Kxd2 {[%clk 00:09:51]} {[%emt 00:00:26]} Qh2+ {[%clk 00:56:00]} {[%emt
00:00:11]} 46. Ke3 {[%clk 00:10:06]} {[%emt 00:00:16]} Qh6+ {[%clk 00:56:17]}
{[%emt 00:00:12]} 47. Qf4+ {[%clk 00:10:24]} {[%emt 00:00:12]} Qxf4+ {[%emt
00:00:16]} 48. Kxf4 {[%emt 00:00:04]} Ke7 {[%clk 00:56:15]} {[%emt 00:00:13]}
49. Rd1 {[%clk 00:10:48]} {[%emt 00:00:06]} Kd8 {[%clk 00:56:39]} {[%emt
00:00:05]} 50. e5 {[%clk 00:11:14]} {[%emt 00:00:05]} g5+ {[%clk 00:57:01]}
{[%emt 00:00:07]} 51. Kf5 {[%clk 00:11:41]} {[%emt 00:00:04]} h6 {[%clk
00:57:22]} {[%emt 00:00:08]} 52. e6 {[%clk 00:12:10]} {[%emt 00:00:02]} h5
{[%clk 00:57:08]} {[%emt 00:00:44]} 53. Ke5 {[%clk 00:12:35]} {[%emt 00:00:05]}
h4 {[%clk 00:57:30]} {[%emt 00:00:07]} 54. Kd6 {[%clk 00:13:01]} {[%emt
00:00:03]} hxg3 {[%clk 00:57:49]} {[%emt 00:00:12]} 55. e7# {[%emt 00:00:04]}
1-0

[Event "DEM U12 2021"]
[Site "Willingen GER"]
[Date "2021.08.23"]
[Round "1"]
[White "Detjen, Mattes"]
[Black "Schuricht, Emil Frederick"]
[Result "0-1"]
[Termination "normal"]
[Board "25"]
[WhiteElo "1162"]
[BlackElo "1422"]
[WhiteClock "00:45:11"]
[BlackClock "00:16:38"]
[PlyCount "50"]
[WhiteFideId "16235690"]
[BlackFideId "16270185"]
[EventCountry "GER"]
[EventRounds "9"]
[EventType "swiss"]
[EventDate "2021.08.22"]

1. e4 {[%clk 01:30:40]} {[%emt 00:00:19]} c6 {[%clk 01:30:55]} {[%emt
00:00:04]} 2. d4 {[%clk 01:30:31]} {[%emt 00:00:38]} d5 {[%clk 01:31:22]}
{[%emt 00:00:05]} 3. exd5 {[%clk 01:30:28]} {[%emt 00:00:34]} cxd5 {[%clk
01:31:46]} {[%emt 00:00:06]} 4. Bd3 {[%clk 01:30:29]} {[%emt 00:00:27]} Nc6
{[%clk 01:31:42]} {[%emt 00:00:34]} 5. c3 {[%clk 01:30:26]} {[%emt 00:00:32]}
Nf6 {[%clk 01:31:28]} {[%emt 00:00:45]} 6. Bf4 {[%clk 01:29:57]} {[%emt
00:00:59]} Bg4 {[%clk 01:30:31]} {[%emt 00:01:27]} 7. Qb3 {[%clk 01:29:24]}
{[%emt 00:01:04]} Qd7 {[%clk 01:29:29]} {[%emt 00:01:33]} 8. Nd2 {[%clk
01:28:32]} {[%emt 00:01:22]} e6 {[%clk 01:27:48]} {[%emt 00:02:11]} 9. Ngf3
{[%clk 01:27:56]} {[%emt 00:01:05]} Be7 {[%clk 01:17:14]} {[%emt 00:11:04]} 10.
Ne5 {[%clk 01:25:39]} {[%emt 00:02:47]} Qc8 {[%clk 01:14:32]} {[%emt 00:03:13]}
11. Nxg4 {[%clk 01:22:57]} {[%emt 00:03:12]} Nxg4 {[%clk 01:14:33]} {[%emt
00:00:28]} 12. O-O {[%clk 01:20:21]} {[%emt 00:03:07]} O-O {[%clk 01:08:45]}
{[%emt 00:06:17]} 13. Qc2 {[%clk 01:16:46]} {[%emt 00:04:05]} f5 {[%clk
01:04:48]} {[%emt 00:04:27]} 14. Nf3 {[%clk 01:13:05]} {[%emt 00:04:11]} Qd7
{[%clk 00:57:47]} {[%emt 00:07:28]} 15. h4 {[%clk 01:10:21]} {[%emt 00:03:15]}
Rac8 {[%clk 00:54:38]} {[%emt 00:03:39]} 16. h5 {[%clk 01:07:45]} {[%emt
00:03:08]} Qe8 {[%clk 00:49:54]} {[%emt 00:05:14]} 17. h6 {[%clk 01:04:44]}
{[%emt 00:03:31]} Nxh6 {[%clk 00:48:03]} {[%emt 00:02:21]} 18. Bxh6 {[%clk
01:03:27]} {[%emt 00:01:47]} gxh6 {[%clk 00:47:22]} {[%emt 00:01:11]} 19. Rfe1
{[%clk 01:00:24]} {[%emt 00:03:32]} Bd6 {[%clk 00:43:18]} {[%emt 00:04:35]} 20.
Qd2 {[%clk 00:56:59]} {[%emt 00:03:55]} Rf6 {[%clk 00:39:52]} {[%emt 00:03:56]}
21. Re2 {[%clk 00:54:56]} {[%emt 00:02:33]} Rc7 {[%clk 00:36:33]} {[%emt
00:03:49]} 22. Rae1 {[%clk 00:52:47]} {[%emt 00:02:38]} Rg7 {[%clk 00:33:16]}
{[%emt 00:03:48]} 23. Nh4 {[%clk 00:51:20]} {[%emt 00:01:56]} Qh5 {[%clk
00:19:47]} {[%emt 00:14:00]} 24. Nf3 {[%clk 00:47:20]} {[%emt 00:04:29]} Qxf3
{[%clk 00:18:51]} {[%emt 00:01:27]} 25. g3 {[%clk 00:45:11]} {[%emt 00:02:39]}
Rfg6 {[%clk 00:16:38]} {[%emt 00:02:42]} 0-1